000
00291nam a22001337a 4500
020
_a
9781781573044
040
_c
nust
082
_a
741.2
_b
SPI
100
_a
Spicer, Jake
_9
122958
245
_a
Draw
260
_a
London:
_b
Rolly Allen,
_c
2015.
650
_a
Draw
_9
122959
942
_2
ddc
_c
BK
999
_c
609323
_d
609323